La Corporación provincial, presente en las procesiones eucarísticas del Corpus : en la de la Catedral; la de la Barceloneta; la de la Casa Provincial de Caridad ; otras fiestas religiosas en la de la Catedral; la de la Barceloneta; la de la Casa Provincial de Caridad ; otras fiestas religiosas
Descripción Física:
Il·lustracions
Colección:
San Jorge,
; núm. 11 (juliol 1953), pàg 81-83
Materias:
Catedral de Barcelona
; Setmana Santa -- Barcelona (Catalunya)
; Processons -- Barcelona (Catalunya)
Idioma:
Español
MARC
| LEADER | 00000naa a2200000 a 4500 | ||
|---|---|---|---|
| 003 | Arxiu | ||
| 005 | 20260324181042.0 | ||
| 008 | 160829s1953 spcaxx s spa c | ||
| 040 | |a agdb | ||
| 245 | 0 | 3 | |a La Corporación provincial, presente en las procesiones eucarísticas del Corpus : |b en la de la Catedral; la de la Barceloneta; la de la Casa Provincial de Caridad ; otras fiestas religiosas |
| 300 | |b Il·lustracions | ||
| 490 | |a San Jorge, |v núm. 11 (juliol 1953), pàg 81-83 | ||
| 590 | |a Conté cinc fotografies | ||
| 610 | 2 | 0 | |a Catedral de Barcelona |9 54780 |
| 650 | 0 | |a Setmana Santa |9 31219 |2 Arxiu |z Barcelona (Catalunya) | |
| 650 | 0 | |a Processons |9 54779 |z Barcelona (Catalunya) | |
| 901 | |a Arxiu | ||
| 942 | |n 1 |2 udc |c ART | ||
| 952 | |0 0 |1 0 |4 0 |6 REV508 |7 1 |9 64416 |a Arxiu |b Arxiu |d 2022-11-28 |o Rev-508 |r 2022-11-28 00:00:00 |w 2022-11-28 |y ARXIU |z També disponible a Rev-522 | ||
| 999 | |c 49866 |d 49866 | ||